Statistics for Utah Jazz 20 Points Per Game Players

Click here to take the quiz!

General Stats

  • This quiz has been taken 18 times
  • The average score is 7 of 11

Answer Stats

# Players Last % Correct
17Karl Malone2003
100%
1Jeff Malone1992
100%
1Deron Williams2011
88%
2Carlos Boozer2008
82%
6Adrian Dantley1986
76%
5Pete Maravich1979
76%
2Donovan Mitchell2019
76%
1Gordon Hayward2017
76%
3Darrell Griffith1985
35%
2Truck Robinson1979
12%
1John Drew1983
0%

Score Distribution

Percentile by Number Answered

Percent of People with Each Score

Your Score History

You have not taken this quiz